<?xml version='1.0' encoding='UTF-8'?>
  <record xmlns="http://www.loc.gov/MARC21/slim">
    <leader>00000cam a22000007i 4500</leader>
    <controlfield tag="001">on1561088799</controlfield>
    <controlfield tag="003">OCoLC</controlfield>
    <controlfield tag="005">20251215102859.2</controlfield>
    <controlfield tag="008">251212s1499    fr            000 0 lat d</controlfield>
    <datafield tag="040" ind1=" " ind2=" ">
      <subfield code="a">QGJ</subfield>
      <subfield code="b">eng</subfield>
      <subfield code="e">rda</subfield>
      <subfield code="e">dcrmr</subfield>
      <subfield code="c">QGJ</subfield>
      <subfield code="d">QGJ</subfield>
      <subfield code="d">OCLCO</subfield>
      <subfield code="d">QGJ</subfield>
    </datafield>
    <datafield tag="035" ind1=" " ind2=" ">
      <subfield code="a">(OCoLC)1561088799</subfield>
    </datafield>
    <datafield tag="100" ind1="0" ind2=" ">
      <subfield code="a">Wernherus,</subfield>
      <subfield code="c">of Schussenried,</subfield>
      <subfield code="d">active 15th century,</subfield>
      <subfield code="e">author.</subfield>
      <subfield code="4">aut</subfield>
      <subfield code="1">https://id.oclc.org/worldcat/entity/E39PCjC78hJQ8t93xTRyP3qfFX</subfield>
    </datafield>
    <datafield tag="240" ind1="1" ind2="0">
      <subfield code="a">Modus legendi abbreviaturas</subfield>
    </datafield>
    <datafield tag="245" ind1="0" ind2="0">
      <subfield code="a">Modus legendi abbreuiaturas in vtroq[ue] iure siue processus iuris</subfield>
    </datafield>
    <datafield tag="246" ind1="3" ind2=" ">
      <subfield code="a">Modus legendi abbreviaturas in utroque jure, sive processus juris</subfield>
    </datafield>
    <datafield tag="246" ind1="3" ind2="0">
      <subfield code="a">Modus legendi abbreviaturas</subfield>
    </datafield>
    <datafield tag="246" ind1="1" ind2=" ">
      <subfield code="i">Title according to GW:</subfield>
      <subfield code="a">Tractatus plurimi iuris</subfield>
    </datafield>
    <datafield tag="264" ind1=" " ind2="1">
      <subfield code="a">In ciuitate argentinensi impressus :</subfield>
      <subfield code="b">[publisher not identified],</subfield>
      <subfield code="c">Anno d[omi]ni M.cccc.xcix. die. xx. mensis Augusti. [20 August 1499]</subfield>
    </datafield>
    <datafield tag="264" ind1=" " ind2="1">
      <subfield code="a">Impressus Arge[n]tine :</subfield>
      <subfield code="b">[publisher not identified],</subfield>
      <subfield code="c">Anno D[omi]ni M.cccc.xcix finitus sexta feria post Bartholomei. [30 August 1499]</subfield>
    </datafield>
    <datafield tag="300" ind1=" " ind2=" ">
      <subfield code="a">[126] leaves ;</subfield>
      <subfield code="c">29 cm (folio)</subfield>
    </datafield>
    <datafield tag="336" ind1=" " ind2=" ">
      <subfield code="a">text</subfield>
      <subfield code="b">txt</subfield>
      <subfield code="2">rdacontent</subfield>
    </datafield>
    <datafield tag="337" ind1=" " ind2=" ">
      <subfield code="a">unmediated</subfield>
      <subfield code="b">n</subfield>
      <subfield code="2">rdamedia</subfield>
    </datafield>
    <datafield tag="338" ind1=" " ind2=" ">
      <subfield code="a">volume</subfield>
      <subfield code="b">nc</subfield>
      <subfield code="2">rdacarrier</subfield>
    </datafield>
    <datafield tag="340" ind1=" " ind2=" ">
      <subfield code="m">folio</subfield>
      <subfield code="2">rdabf</subfield>
    </datafield>
    <datafield tag="340" ind1=" " ind2=" ">
      <subfield code="k">2 columns</subfield>
    </datafield>
    <datafield tag="500" ind1=" " ind2=" ">
      <subfield code="a">Author of the first work identified in an acrostic in the text.</subfield>
    </datafield>
    <datafield tag="500" ind1=" " ind2=" ">
      <subfield code="a">Place and date of publication from colophons, which read: (d4 recto): "... in ciuitate argentinensi impressus Anno d[omi]ni M.cccc.xcix. die. xx. mensis Augusti" ; 2nd colophon (v5 verso): "...Impressus Arge[n]tine Anno D[omi]ni M.cccc.xcix [1499] finitus sexta feria post Bartholomei."</subfield>
    </datafield>
    <datafield tag="500" ind1=" " ind2=" ">
      <subfield code="a">"Two colophons with separate dates. Assigned to Husner by Voulliéme (ZfB, 1915, p.311). BMC and Polain, followed by Goff, assigned to an unidentified press, designated by Polain as the Printer of Hemmerlin, BMC and CIBN (A-406) identifying tentatively with Schaffener. De tabellionibus is in fact by Baldus de Ubaldis". Source: ISTC</subfield>
    </datafield>
    <datafield tag="500" ind1=" " ind2=" ">
      <subfield code="a">First line of text (leaf a2 recto): Incipit libell(us) dans modu[m] legendi abbreuiaturas in vtroq(ue) iure</subfield>
    </datafield>
    <datafield tag="500" ind1=" " ind2=" ">
      <subfield code="a">Explicit of first work (leaf d4 recto): Explicit libellus docens modu[m] studendi &amp; legendi [con]te[n]ta ac abbreuiata vtriusq[ue] iuris ... in ciuitate Argentinensi impressus anno D[omi]ni M.cccc.xcix. die xx mensis Augusti.</subfield>
    </datafield>
    <datafield tag="500" ind1=" " ind2=" ">
      <subfield code="a">Signatures: a⁸ b⁶ c⁸ d⁶ e⁸ f-v⁶; v6 is blank</subfield>
    </datafield>
    <datafield tag="500" ind1=" " ind2=" ">
      <subfield code="a">Text printed in two columns.</subfield>
    </datafield>
    <datafield tag="500" ind1=" " ind2=" ">
      <subfield code="a">Capital spaces with guide letters.</subfield>
    </datafield>
    <datafield tag="505" ind1="0" ind2=" ">
      <subfield code="a">Modus legendi abbreuiaturas -- Processus iudiciarius Iohannis de Vrbach -- Tractatus praesumptionum -- Summa Dominici de Visentina qualiter notarii archiepiscoporum et episcoporum debeant notariae officium exercere -- Tractatus notariatus -- Introductio procurationis -- Defensorium iuris Iohannis Monachi -- Tractatus exceptionum Innocentii Quarti -- Tractatus praescriptionum Dyni de Mugilo -- Tractatus de arbitris et arbitratoribus Petri Iacobi Montepesselano -- Differentiae legum et canonum Galnani de Bononia -- Tractatus de tabellionibus Bartoli de Saxoferrato.</subfield>
    </datafield>
    <datafield tag="510" ind1="4" ind2=" ">
      <subfield code="a">Incunabula short title catalogue,</subfield>
      <subfield code="c">im00760000</subfield>
      <subfield code="u">https://data.cerl.org/istc/im00760000</subfield>
    </datafield>
    <datafield tag="510" ind1="4" ind2=" ">
      <subfield code="a">Gesamtkatalog der Wiegendrucke,</subfield>
      <subfield code="c">M47364</subfield>
      <subfield code="u">https://www.gesamtkatalogderwiegendrucke.de/docs/M47364.htm</subfield>
    </datafield>
    <datafield tag="510" ind1="4" ind2=" ">
      <subfield code="a">Bayerische Staatsbibliothek Inkunabelkatalog, M-516</subfield>
    </datafield>
    <datafield tag="510" ind1="4" ind2=" ">
      <subfield code="a">Incunabula in Dutch libraries,</subfield>
      <subfield code="c">3271</subfield>
    </datafield>
    <datafield tag="650" ind1=" " ind2="0">
      <subfield code="a">Roman law</subfield>
      <subfield code="x">Abbreviations</subfield>
      <subfield code="v">Early works to 1800.</subfield>
    </datafield>
    <datafield tag="650" ind1=" " ind2="0">
      <subfield code="a">Law</subfield>
      <subfield code="x">Abbreviations</subfield>
      <subfield code="v">Early works to 1800.</subfield>
    </datafield>
    <datafield tag="650" ind1=" " ind2="6">
      <subfield code="a">Droit romain</subfield>
      <subfield code="x">Abréviations</subfield>
      <subfield code="v">Ouvrages avant 1800.</subfield>
    </datafield>
    <datafield tag="650" ind1=" " ind2="6">
      <subfield code="a">Droit</subfield>
      <subfield code="x">Abréviations</subfield>
      <subfield code="v">Ouvrages avant 1800.</subfield>
    </datafield>
    <datafield tag="655" ind1=" " ind2="7">
      <subfield code="a">incunabula (books)</subfield>
      <subfield code="2">aat</subfield>
    </datafield>
    <datafield tag="655" ind1=" " ind2="7">
      <subfield code="a">Incunables.</subfield>
      <subfield code="2">rvmgf</subfield>
    </datafield>
    <datafield tag="700" ind1="1" ind2=" ">
      <subfield code="a">Husner, Georg,</subfield>
      <subfield code="d">-1505,</subfield>
      <subfield code="e">printer,</subfield>
      <subfield code="e">attributed name.</subfield>
      <subfield code="4">prt</subfield>
      <subfield code="4">att</subfield>
      <subfield code="1">https://id.oclc.org/worldcat/entity/E39PBJr3rWjFG8qDWhYWtkKDbd</subfield>
    </datafield>
    <datafield tag="700" ind1="1" ind2=" ">
      <subfield code="a">Schaffner, Wilhelm,</subfield>
      <subfield code="d">active 1498-1515,</subfield>
      <subfield code="e">printer,</subfield>
      <subfield code="e">attributed name.</subfield>
      <subfield code="4">prt</subfield>
      <subfield code="4">att</subfield>
      <subfield code="1">https://id.oclc.org/worldcat/entity/E39PCjyHBxwWGkrFFk3TQ3PKHP</subfield>
    </datafield>
    <datafield tag="700" ind1="1" ind2="2">
      <subfield code="i">Container of (work):</subfield>
      <subfield code="a">Auerbach, Johannes,</subfield>
      <subfield code="d">active 15th century.</subfield>
      <subfield code="t">Processus judiciarius.</subfield>
    </datafield>
    <datafield tag="700" ind1="0" ind2="2">
      <subfield code="i">Container of (work):</subfield>
      <subfield code="a">Dominicus,</subfield>
      <subfield code="c">Dominici de Viseu,</subfield>
      <subfield code="d">active 1265-1280.</subfield>
      <subfield code="t">Summa qualiter notarii ... debeant officium exercere.</subfield>
    </datafield>
    <datafield tag="700" ind1="0" ind2="2">
      <subfield code="i">Container of (work):</subfield>
      <subfield code="a">Gerardus,</subfield>
      <subfield code="c">de Rheinau,</subfield>
      <subfield code="d">active 14th century.</subfield>
      <subfield code="t">Defensorium juris.</subfield>
    </datafield>
    <datafield tag="700" ind1="0" ind2="2">
      <subfield code="i">Container of (work):</subfield>
      <subfield code="a">Innocent</subfield>
      <subfield code="b">IV,</subfield>
      <subfield code="c">Pope,</subfield>
      <subfield code="d">approximately 1200-1254.</subfield>
      <subfield code="t">Tractatus exceptionum.</subfield>
    </datafield>
    <datafield tag="700" ind1="0" ind2="2">
      <subfield code="i">Container of (work):</subfield>
      <subfield code="a">Dinus,</subfield>
      <subfield code="c">de Mugello,</subfield>
      <subfield code="d">1254-approximately 1300.</subfield>
      <subfield code="t">Tractatus praescriptionum.</subfield>
    </datafield>
    <datafield tag="700" ind1="1" ind2="2">
      <subfield code="i">Container of (work):</subfield>
      <subfield code="a">Jame, Pierre,</subfield>
      <subfield code="d">approximately 1270-</subfield>
      <subfield code="t">De arbitris et arbitratoribus.</subfield>
    </datafield>
    <datafield tag="700" ind1="0" ind2="2">
      <subfield code="i">Container of (work):</subfield>
      <subfield code="a">Galvano,</subfield>
      <subfield code="c">da Bologna,</subfield>
      <subfield code="d">active 1365-1386.</subfield>
      <subfield code="t">Differentiae legum et canonum.</subfield>
    </datafield>
    <datafield tag="700" ind1="1" ind2="2">
      <subfield code="i">Container of (work):</subfield>
      <subfield code="a">Ubaldi, Baldo degli,</subfield>
      <subfield code="d">1327-1400.</subfield>
      <subfield code="t">De tabellionibus.</subfield>
    </datafield>
    <datafield tag="700" ind1="0" ind2=" ">
      <subfield code="a">Bartolo,</subfield>
      <subfield code="c">of Sassoferrato,</subfield>
      <subfield code="d">1313-1357,</subfield>
      <subfield code="e">attributed name.</subfield>
      <subfield code="4">att</subfield>
    </datafield>
    <datafield tag="740" ind1="0" ind2="2">
      <subfield code="a">Exceptionibus.li.ij.t.xxv.</subfield>
    </datafield>
    <datafield tag="740" ind1="0" ind2="2">
      <subfield code="a">Processus iudiciarius.</subfield>
    </datafield>
    <datafield tag="740" ind1="0" ind2="2">
      <subfield code="a">Qualiter notarii debent officium exercere.</subfield>
    </datafield>
    <datafield tag="752" ind1=" " ind2=" ">
      <subfield code="a">France</subfield>
      <subfield code="d">Strasbourg,</subfield>
      <subfield code="e">place of publication.</subfield>
      <subfield code="4">pup</subfield>
    </datafield>
  </record>